| 000 | 00720nam a2200217 i 4500 | ||
|---|---|---|---|
| 001 | 135660 | ||
| 003 | ES-MaACL | ||
| 005 | 20230906194927.0 | ||
| 007 | t| | ||
| 008 | 070730s1971 sp ||||1| spa d | ||
| 080 | _a251.4 | ||
| 100 | 1 |
_aTorres Domenech, Vicente. _9110950 |
|
| 245 | 1 | 3 |
_aLa homilía _b: comentario pastoral a los nuevos textos (ciclo A) / _cVicente Torres Domenech. |
| 260 |
_aValencia : _bComercial Editora de Publicaciones, _c[1971] |
||
| 300 |
_a269 p. ; _c21 cm. |
||
| 490 | 1 |
_aCuadernos de pastoral ; _v46-47 |
|
| 650 | 1 | 4 |
_aSermones para el año litúrgico. _917056 |
| 830 | 0 |
_aCuadernos de pastoral ; _v46-47 _9187018 |
|
| 852 |
_aES-MaACL _jC-47765 _bR.79794 |
||
| 999 |
_c135660 _d135660 |
||